| 000 | 00369nam a2200145Ia 4500 | ||
|---|---|---|---|
| 008 | 240624s9999 xx 000 0 und d | ||
| 041 | _aeng | ||
| 082 | _a519 FEL | ||
| 100 | _aFELLER WILLIAM | ||
| 245 | _aINTRODUCTION TO PROBABILITY THEORY AND I | ||
| 250 | _a(3rd ed.) | ||
| 260 |
_c2003 _aNew York _bJohn Wiley |
||
| 300 | _axviii, : 509 : p. : cm. ; 26 | ||
| 365 | _c | ||
| 999 |
_c3518 _d3518 |
||